| 000 | 01766nam a2200253 a 4500 | ||
|---|---|---|---|
| 001 | 000000733 | ||
| 005 | 20240412074158.0 | ||
| 008 | 090429s2008 dr r 000 j spa d | ||
| 020 | _z9945160516 | ||
| 020 | _z9789945160512 | ||
| 040 |
_aDO-SdBNP _bspa _cBNPHU |
||
| 082 |
_aRD863.44 _bJ58ca, 2008 |
||
| 100 | 1 |
_aJesús Ulerio, Luis Felipe de, _d1970 - _91334 |
|
| 245 | 1 | 0 |
_aCatalepsia : _bcuentos de muertos contados por vivos / _cLuis Felipe de Jesús Ulerio. |
| 250 | _a4a ed. | ||
| 260 |
_aSanto Domingo : _bBúho, _c2008. |
||
| 300 |
_a136 p. ; _c22 cm. |
||
| 500 | _aIncluye biografía | ||
| 505 | 0 |
_tExequias -- _tEl cocuyo -- _gReflexión I. _tLa muerte -- _tEl barón del cementerio -- _gReflexión II. _tEl ser humano, un ser solitario -- _tLa bruja -- _gReflexión III. _tLa esperanza de la vida -- _tEl bacá -- _tReflexión IV. _t¿Hay algo peor que la muerte? -- _tUn pacto con el diablo -- _gReflexión V. _tEl temor a la muerte -- _tEl taxista -- _tReflexión VI. _tLas cosas pequeñas --. _tInstantes -- _tLa reina de las américas -- _gReflexión VII. _tEn vida., hermano, en vida -- _tEl cocolo -- _gReflexión VIII. _tLa angustia existencial -- _tEn paz -- _tNo estaba muerto -- _gReflexión IX. _tLa vida, algo muy valioso que salvar -- _tEl abrigo en la tumba -- _gReflexión X. _tLa vida es breve -- _tVolviendo a la vida -- _tReflexión XI. _tLa vida es un sueño -- _tLos tres espíritus-- _gReflexión XII. _tEl tunel de la muerte -- _tEl baquiní -- _tReflexión XIII. _tCatalepsia: Un mensaje del resucitado -- _tEl resucitado -- _tLa "Resurrección" de Don Andrés -- _tEpílogo -- _tLa muerte de Don Andrés. |
|
| 590 | _aInventariado, 2020/BT | ||
| 650 | 0 |
_aCuentos dominicanos _9176 |
|
| 650 | 0 |
_aLiteratura dominicana. _967 |
|
| 910 | _aValidado. Control de calidad. MMOLINA | ||
| 999 |
_c729 _d729 |
||